Costa Rica en cifras. Segunda parte

Đã lưu trong:
Chi tiết về thư mục
Định dạng: Texto
Các nhãn: Thêm thẻ
Không có thẻ, Là người đầu tiên thẻ bản ghi này!

MARC

LEADER 00000 a a2200000 04500
001 2998
003
040
245 |a Costa Rica en cifras. Segunda parte  
773 |g volumen 18, número 1; páginas 207-233  
999 |c 27322  |d 27322